|
|
|
|
| LEADER |
00646nab a2200181 i 4500 |
| 001 |
acta26639 |
| 005 |
20210224131436.0 |
| 008 |
161017s1977 hu o 0|| hun d |
| 022 |
|
|
|a 0544-7224
|
| 040 |
|
|
|a SZTE Egyetemi Kiadványok Repozitórium
|b hun
|
| 041 |
|
|
|a hun
|
| 100 |
1 |
|
|a Pusztai József
|
| 245 |
1 |
2 |
|a A szaktermi oktatás hatása az iskolai fegyelem és higiénia alakulására
|h [elektronikus dokumentum] /
|c Pusztai József
|
| 260 |
|
|
|c 1977
|
| 300 |
|
|
|a 80-88
|
| 490 |
0 |
|
|a Módszertani közlemények
|v 17 No. 2
|
| 695 |
|
|
|a Neveléstudomány
|
| 856 |
4 |
0 |
|u http://acta.bibl.u-szeged.hu/26639/1/modszertani_017_002_080-088.pdf
|z Dokumentum-elérés
|